000 01100nam a2200313 i 4500
001 000007393
003 DO-SdBNP
005 20250401111628.0
007 ta
008 090908s1977 dr 000 0 spa d
040 _aDO-SdBNP
_bspa
_cBNPHU
_erda
041 _hspa
082 4 _a467.97293
_bE79d
_222
100 1 _aDeive, Carlos Esteban,
_d1935-2019
_eautor
_91916
245 1 0 _aDiccionario de dominicanismos /
_cCarlos Esteban Deive.
264 _aSanto Domingo :
_bPolitécnia,
_c1977.
300 _a259 p.áginas ;
_c20 cm.
336 _2rdacontent
_atexto
_btxt
337 _2rdamedia
_asin mediación
_bn
338 _2rdacarrier
_avolumen
_bnc
500 _a"Apéndices: americanismos y arcaísmos en el español de Santo Domingo."
504 _aBibliografía : p. xi-xvii
590 _aLa biblioteca posee un ejemplar autografiado por el autor
590 _aInventariado, 2023/BT
650 4 _aEspañol
_xProvincialismos
_zRepública Dominicana
_xDiccionarios
_920541
650 4 _aDominicanismos
_xDiccionarios
_919997
910 _aValidado. Control de calidad MFF
942 _2ddc
_cLBS1
999 _c7174
_d7174